MARC

LEADER 00000nam0a2200000 4500
001 321067
005 20231102003334.0
035 |a (RuTPU)RU\TPU\book\346598 
035 |a RU\TPU\book\79262 
090 |a 321067 
100 |a 20160812d1952 km y0rusy50 ca 
101 1 |a rus 
102 |a RU 
105 |a a z 001zy 
200 1 |a Каучук и резина  |e сборник переводов из иностранной периодической литературы  |f под общ. ред. В. Ф. Евстратова 
210 |a Москва  |c Изд-во иностранной литературы  |d 1954 
215 |a 191 с.  |c ил. 
320 |a Библиогр. в конце ст. 
606 1 |a Каучук  |2 stltpush  |3 (RuTPU)RU\TPU\subj\14135  |9 40599 
610 1 |a химические производства 
610 1 |a резина 
610 1 |a технология 
610 1 |a регенерация 
610 1 |a синтетические каучуки 
610 1 |a получение 
610 1 |a свойства 
610 1 |a применение 
610 1 |a смеси 
610 1 |a неопрен 
610 1 |a технологические свойства 
610 1 |a усилители 
610 1 |a сажа 
610 1 |a полимеры 
610 1 |a вулканизаторы 
610 1 |a резиновые смеси 
610 1 |a переводы 
675 |a 678.4  |v 3 
702 1 |a Евстратов  |b В. Ф.  |4 340 
801 1 |a RU  |b 63413507  |c 20050302  |g PSBO 
801 2 |a RU  |b 63413507  |c 20200204  |g PSBO 
942 |c BK